MARC

Tag First Indicator Second Indicator Subfields
LEADER 00000cas a2200000 a 4500
001 in00000083033
005 20151008055542.0
008 800904d19811981enkqrzp 0 a0eng d
010 |a  81646068   |z sn 80001991  
012 |a 3  |b 3  |k 1  |l 1 
016 7 |a 8108895  |2 DNLM 
016 7 |a S28704000  |z M17975000  |2 DNLM 
022 0 |a 0271-5392 
030 |a SMPEDY 
035 |a (OCoLC)ocm06681754 
035 |a (OCoLC)06681754 
035 |9 AAJ3768AM 
037 |b Pergamon Press, Inc., Maxwell House, Fairview Park, Elmsford, NY 10523 
040 |a NSD  |c NSD  |d DLC  |d NST  |d NSD  |d DLC  |d NSD  |d NST  |d NSD  |d NST  |d DLC  |d NST  |d RCS  |d AIP  |d NST  |d NSD  |d MXC  |d MYG  |d OCL  |d NLM  |d OCLCQ  |d UtOrBLW 
041 0 |a eng  |b eng 
042 |a lc  |a nsdp 
049 |a TXAM 
050 0 0 |a R5  |b .S36 
060 0 0 |a W1  |b SO127HF 
082 0 |a 174/.2/05 
210 0 |a Soc. sci. med., Part F, Med. soc. ethics 
222 0 |a Social science & medicine. Part F, Medical & social ethics 
245 0 0 |a Social science & medicine.  |n Part F,  |p Medical & social ethics. 
246 3 |a Social science and medicine. Part F, Medical and social ethics 
246 3 0 |a Medical & social ethics 
246 3 0 |a Social science and medicine.  |n Part F,  |p Medical and social ethics 
264 1 |a Oxford ;  |a New York :  |b Pergamon,  |c [1981] 
264 4 |c ©1981 
300 |a volumes :  |b illustrations ;  |c 28 cm. 
310 |a Quarterly 
336 |a text  |b txt  |2 rdacontent 
337 |a unmediated  |b n  |2 rdamedia 
338 |a volume  |b nc  |2 rdacarrier 
362 0 |a Vol. 15F, no. 1 (Mar. 1981)-v. 15F, no. 4 (Dec. 1981). 
500 |a Title from cover. 
580 |a Merged with: Social science & medicine. Part A. Medical sociology, Social science & medicine. Part B. Medical anthropology, Social science & medicine. Part C. Medical economics, Social science & medicine. Part D. Medical geography, and Social science & medicine. Part E. Medical psychology, to form: Social science & medicine. 
650 0 |a Medical ethics  |v Periodicals. 
650 0 |a Social ethics  |v Periodicals. 
650 2 |a Ethics  |v Periodicals. 
650 2 |a Ethics, Medical  |v Periodicals. 
780 0 0 |t Ethics in science & medicine  |x 0306-4581  |w (DLC) 75646040 
785 1 7 |t Social science & medicine. Part A. Medical sociology  |x 0271-7123 
785 1 7 |t Social science & medicine. Part B. Medical anthropology  |x 0160-7987 
785 1 7 |t Social science & medicine. Part C. Medical economics  |x 0160-7995 
785 1 7 |t Social science & medicine. Part D. Medical geography  |x 0160-8002 
785 1 7 |t Social science & medicine. Part E. Medical psychology  |x 0271-5384 
785 1 7 |t Social science & medicine (1982)  |x 0277-9536  |g 1982 
850 |a AAP  |a AzU  |a CCC  |a CSt  |a CSt-L  |a CU  |a CU-AM  |a CU-RivA  |a CU-SB  |a CU-SM  |a CaAEU  |a CaBVaS  |a CaMWM  |a CaMWU  |a CaOONH  |a CaOWA  |a CaOWtU  |a CaSSUM  |a CoFS  |a CtU  |a DGW  |a DLC  |a DNLM  |a DeU  |a FU  |a GEU  |a IEN  |a IU-M  |a InLP  |a InU-M  |a KyLoU  |a MBCo  |a MBU  |a MWH  |a MiDW-M  |a MiEM  |a MiU  |a MnU 
850 |a N  |a NIC  |a NbU-M  |a NcRS  |a NcU  |a NcWsW  |a NdU  |a NjP  |a NjR  |a NmU  |a OCU  |a OU  |a PPT  |a PPiU-H  |a PSt  |a PU  |a ScU  |a TNJ-M  |a TU  |a TU-M  |a TxCM  |a TxDaM  |a TxHMC  |a TxU  |a ViBlbV  |a ViRCU-H  |a ViW  |a WaU  |a WyU 
936 |a Mar. 1981 
949 |a AM_DB_MFHD URL added  |b h  |c 2003/6/12  |d c  |e rstovall5  |f 11:14:59 am 
994 |a E0  |b TXA 
999 |a MARS 
999 f f |s 2c3dbc01-0700-36ca-9ffb-edeb864e7d4b  |i d3e55bd8-5fc5-35fa-98e8-0ceb015f9c3f  |t 0 
952 f f |p ric  |a Texas A&M University  |b Rellis Campus  |c Joint Library Facility  |d Remote Storage  |t 0  |e R5 .S36  |h Library of Congress classification  |i unmediated -- volume  |k v.15F  |l 1981  |m A14838477903 
998 f f |a R5 .S36  |s v.15F (1981)  |t 0  |l Remote Storage